Statistiques concernant Drapeaux de régions du monde n°1

Cliquez ici pour prendre le quiz!

Statistiques générales

  • Ce quiz a été pris 72 fois
  • Le résultat moyen est 5 sur 20

Statistiques - réponses

Réponse% Correct
Pays Basque
88%
Sicile
79%
Normandie
77%
Madère
50%
Terre-Neuve-et-Labrador
38%
Bali
37%
Géorgie
33%
Le Caire
27%
Terre de feu
21%
Yorkshire
17%
Kyoto
15%
Split-Dalmatie
13%
Bahia
8%
Jalisco
8%
Tigré
8%
Lublin
6%
Darkhan-Uul
4%
Nijni Novgorod
4%
Buriram
2%
Enga
2%

Distribution des résultats

Percentile par nombre de réponses

% des personnes avec chaque résultat

Votre développement - résultats

Vous n’avez pas pris ce quiz